书目信息 |
| 题名: |
辩证唯物主义和历史唯物主义
|
|
| 作者: | 彭万春 主编 | |
| 分册: | ||
| 出版信息: | 北京 北京师范大学出版社 1985 |
|
| 页数: | 554页 | |
| 开本: | 19cm | |
| 丛书名: | ||
| 单 册: | ||
| 中图分类: | B0-0 , B201 | |
| 科图分类: | ||
| 主题词: | 辩证唯物主义--教材 , 历史唯物主义--教材 , 唯物主义--哲学--中国 , 唯心主义--哲学--中国 | |
| 电子资源: | ||
| ISBN: | ||
| 000 | 00761nam0 2200277 45 | |
| 001 | 1132922688 | |
| 005 | 20110928090958.82 | |
| 010 | @dCNY3.30 | |
| 091 | @aCN@b7243.327 | |
| 100 | @a19900921d1985 em y0chiy0121 ea | |
| 101 | 0 | @achi |
| 102 | @aCN@b110000 | |
| 105 | @ay z 000yy | |
| 200 | 10 | @a辩证唯物主义和历史唯物主义@Abian zheng wei wu zhu yi he li shi wei wu zhu yi@f彭万春主编 |
| 210 | @a北京@c北京师范大学出版社@d1985 | |
| 215 | @a554页@d19cm | |
| 606 | 0 | @a辩证唯物主义@x教材 |
| 606 | 0 | @a历史唯物主义@x教材 |
| 606 | 0 | @a唯物主义@x哲学@x中国 |
| 606 | 0 | @a唯心主义@x哲学@x中国 |
| 690 | @aB0-0@v3 | |
| 690 | @aB201@v4 | |
| 701 | 0 | @a彭万春@Apeng wan chun@4主编 |
| 801 | 0 | @aCN@bTSSF |
| 801 | 2 | @aCN@bNLC |
| 905 | @a10447@dB201@eJY38 | |
| 辩证唯物主义和历史唯物主义/彭万春主编.-北京:北京师范大学出版社,1985 |
| 554页;19cm |
| ISBN :CNY3.30 |
| ● |
| 相关链接 |
|
|
|
|
正题名:辩证唯物主义和历史唯物主义
索取号:B201/JY38
 
预约/预借
| 序号 | 登录号 | 条形码 | 馆藏地/架位号 | 状态 | 备注 |
| 1 | 7824434 | 278244348 | 学院路分馆/ [索取号:B201/JY38] | 在馆 |